000 00575nam a2200229 i 4500
001 C2-0085912
003 PPAK
005 20180727090732.0
008 970430s1985 enk |||| ||||| | eng d
020 _a0575036044
040 _aPPAK
_beng
_cPPAK
_erda
082 0 4 _a823
_223
090 0 0 _a823
_bROB
_dG
100 1 _aRoberts, Keith,
_eauthor
245 1 0 _aKiteworld
264 1 _aLondon :
_bVictor Gollancz ,
_c1985
300 _a288 pages ;
_c20 cm
336 _2rdacontent
_atext
337 _2rdamedia
_aunmediated
338 _2rdacarrier
_avolume
942 _ddc
_cB
999 _c17377
_d17377